Caña de azúcar (Registro nro. 33644)

Detalles MARC
000 -CABECERA
Longitud fija campo de control 00651nam a22001697a 4500
003 - IDENTIFICADOR DELl NÚMERO DE CONTROL
Identificador del número de control OSt
005 - FECHA Y HORA DE LA ÚLTIMA TRANSACCIÓN
Fecha y hora de la última transacción 20230214173113.0
008 - CÓDIGOS DE INFORMACIÓN DE LONGITUD FIJA
Códigos de información de longitud fija 230116b ||||| |||| 00| 0 eng d
040 ## - FUENTE DE LA CATALOGACIÓN
Centro catalogador de origen BMC
Centro transcriptor BMC
082 ## - NÚMERO DE LA CLASIFICACIÓN DECIMAL DEWEY
Númeroo de clasificación 633.61
245 00 - MENCIÓN DE TÍTULO
Título Caña de azúcar
Resto del título : Manual de variedades
260 ## - PUBLICACIÓN, DISTRIBUCIÓN, ETC. (PIE DE IMPRENTA)
Lugar de publicación, distribución, etc. San Salvador, El Salvador
Nombre del editor, distribuidor, etc. Compañia Azucarera Salvadoreña S.A. de C.V.
Fecha de publicación, distribución, etc. s.a
300 ## - DESCRIPCIÓN FÍSICA
Extensión 36 p.
Otras características físicas il. col.
Dimensiones 27 cm
505 ## - NOTA DE CONTENIDO CON FORMATO
Nota de contenido con formato Contiene: Tipos de suelo - humedad - Comportamiento varietal - Topografia -Virus del Mosaico -Escala para evalución de enfermedades en caña de azúcar
650 24 - PUNTO DE ACCESO ADICIONAL DE MATERIA - TÉRMINO DE MATERIA
9 (RLIN) 23191
Término de materia o nombre geográfico como elemento inicial Caña de azúcar
Subdivisión de materia general Cultivo
942 ## - ENTRADA DE ELEMENTOS AGREGADOS (KOHA)
Fuente de clasificaión o esquema Dewey Decimal Classification
Koha [por defecto] tipo de item 2- Prensa y Revistas
Parte de clasificación prozim
Existencias
Suprimido Perdido Fuente de clasificación o esquema Estropeado Restricciones de uso No para préstamo Código de colección Localización permanente Localización actual Localización en estanter&íacute;as Fecha adquisición Fuente de adquisición Número de inventario Préstamos totales Signatura completa Código de barras Fecha última consulta Fecha del precio de reemplazo Tipo de item de Koha
NULL NULL Dewey Decimal Classification NULL Prestable NULL NULL Biblioteca Miguel de Cervantes - UNICAES Biblioteca Miguel de Cervantes - UNICAES Sala Principal 22/08/2022 Donación - Vicerrectoria 001120   RVAR- 001120 1052812 18/01/2025 18/01/2025 2- Prensa y Revistas